000 00616nam a2200229Ia 4500
005 20241129110959.0
008 241129s9999||||xx |||||||||||||| ||und||
020 _a978-93-90633-77-7
037 _aTB
040 _aCRL
_beng
_cCRL
041 _aeng
_2eng
084 _aV231.1M R1.2
_qCRL
100 _aSen Sailendra Nath Au.
245 0 _aFall of the maratha empire
_cSen Sailendra Nath Au.
260 _aDelhi, India
_bPrimus Books
_c2022
300 _axxvi,562p.
365 _aINR
_b1595
490 _vVol. 2
650 _a History
942 _cTB
_hV231.1M R1.2
999 _c1228386
_d1228386